000 00448nam a22001577a 4500
005 20251108172203.0
008 250721s1996 xx 000 0 ara d
082 1 4 _aط/ق/نصر
100 1 _aنصر الله، أملي
245 1 0 _aجزيرة الوهم :
_bمجموعة القصص /
264 1 _aبيروت :
_bبيت الحكمة،
_c1996.
300 _a131ص
650 1 7 _aالقصص العربية
942 _2ddc
_cBK
999 _c72641
_d72641